Revelation: (Record no. 6206)

000 -LEADER
fixed length control field 00747nam a2200205 a 4500
001 - CONTROL NUMBER
control field :::00003949$&:&@@
003 - CONTROL NUMBER IDENTIFIER
control field OkBaRHE
005 - DATE AND TIME OF LATEST TRANSACTION
control field 20100401131852.0
008 - FIXED-LENGTH DATA ELEMENTS--GENERAL INFORMATION
fixed length control field s1984 j 000 0 eng u
020 ## - INTERNATIONAL STANDARD BOOK NUMBER
International Standard Book Number 0892742984 (pbk.)
040 ## - CATALOGING SOURCE
Transcribing agency
100 1# - MAIN ENTRY--PERSONAL NAME
Personal name Sutton, Hilton.
245 10 - TITLE STATEMENT
Title Revelation:
Remainder of title God's grand finale.
260 ## - PUBLICATION, DISTRIBUTION, ETC. (IMPRINT)
Place of publication, distribution, etc Tulsa, OK., :
Name of publisher, distributor, etc Harrison House
Date of publication, distribution, etc 1984
300 ## - PHYSICAL DESCRIPTION
Extent 251, [7] p. ;
Dimensions 22 cm.
650 ## - SUBJECT ADDED ENTRY--TOPICAL TERM
Topical term or geographic name as entry element Bible New Testament Revelation
General subdivision Criticism, Interpretation, etc.
942 ## - ADDED ENTRY ELEMENTS (KOHA)
Source of classification or shelving scheme
Koha item type Books
Copies
Not for loan Date acquired Full call number Checked out Current Location Total Renewals Damaged status Barcode Date checked out Total Checkouts Shelving location Permanent Location Withdrawn status Date last seen Price effective from Lost status Source of classification or shelving scheme Copy number Koha item type
 2010-04-14BS 2825.2 .S87 19842022-03-31RHEMA Bible Training College2 39492021-09-271General StacksRHEMA Bible Training College 2021-09-272010-04-14  1Books
 2010-04-14BS 2825.2 .S87 1984 RHEMA Bible Training College1 167542018-02-072General StacksRHEMA Bible Training College 2018-04-032010-04-14  2Books